000 00441nam a22001817a 4500
005 20180813112610.0
008 160518b xxu||||| |||| 00| 0 eng d
020 _a978-0-07-009153-5
041 _aeng
082 _b3026
_a658.5
100 _aCHARY, S.N.
_9758
245 _aProduction and Operations Management
250 _a4TH ED.
260 _aNew Delhi
_bTMH,
_c2009
300 _a1.12p,
650 _aManagement
_9241
942 _cBK
999 _c1045
_d1045